What’s Got Your Back Up? /

Bill Mauldin (1921-2003), historietista norteamericano. Realizó estudios de arte. Se unió a la armada norteamericana en 1940, para la que produjo historietas en el periódico de la 45ª división y con la que participó en la invasión de Sicilia e Italia. Desde 1944 trabajó para el United Feature Syndic...

Fuld beskrivelse

Guardado en:
Bibliografiske detaljer
Hovedforfatter: Mauldin, Bill (autor)
Format: Bog
Sprog:engelsk
Udgivet: Nueva York, EUA : Popular Library, 1961, c1961
Fag:
Tags: Tilføj Tag
Ingen Tags, Vær først til at tagge denne postø!

MARC

LEADER 00000nam^a2200000^a^4500
001 000186887
005 20250521000000.0
009 20260310102240.47
037 |a Acervo ITESO - Biblioteca 
041 |a ING 
082 |a 741. 53  |b MAU 
100 |a Mauldin, Bill  |e (autor) 
245 1 0 |a What’s Got Your Back Up? /  |c B. Mauldin. 
264 4 |a Nueva York, EUA :  |b Popular Library,  |c 1961, c1961 
300 |a 158 p. 
336 |a texto  |b txt  |2 rdacontenido 
337 |a sin mediación  |b n  |2 rdamedio 
338 |a volumen  |b nc  |2 rdasoporte 
520 |a Bill Mauldin (1921-2003), historietista norteamericano. Realizó estudios de arte. Se unió a la armada norteamericana en 1940, para la que produjo historietas en el periódico de la 45ª división y con la que participó en la invasión de Sicilia e Italia. Desde 1944 trabajó para el United Feature Syndicate y sus cartones fueron distribuidos por todo Estados Unidos. Con frecuencia sus personajes fueron soldados y mostraban cierta rebeldía en contra de la autoridad (lo que le trajo serios problemas), pero también atacó el racismo, al Ku Klux Klan y el macarthismo. En 1945, sus historietas sobre la Segunda Guerra Mundial le merecieron el Premio Pulitzer, siendo la persona más joven en recibirlo; en 1959 volvió a recibirlo; en 1962 recibió el Premio de la Sociedad de Historietistas. En 1962 empezó a trabajar en el Chicago Sun-Times, periódico que publicó uno de los cartones más famosos de la historia norteamericana: un Abraham Lincoln que llora la muerte de John F. Kennedy. Entre sus libros se pueden citar: Bill Mauldin's Army, Up Front , Back Home, Mud and Guts, Hurray for B.C. y Let's Declare Ourselves Winners and Get the Hell Out. 
649 |a XX 
650 |a Militares 
650 |a Fuerzas Armadas 
650 |a Historietas y Caricaturas de Humor 
650 |a Historietas y Caricaturas de Temas Políticos y Sociales 
650 |a Historietas y Caricaturas Norteamericanas 
650 |a Medios de Comunicación 
650 |a Comunicación Masiva 
910 |a Fondo General 
920 |a Impresos - Libros 
930 |a Colección General 
905 |a 101 
901 |a 0500128615  |b IT1  |c ACC  |u 20250521 
902 |a https://opac.biblio.iteso.mx/vufind/Record/000186887